00662 2200253 4500001002100000005001700021008004100038035002400079090001500103100002300118245005400141250001100195260002400206300001800230500003000248650003400278850001500312980001500327985000600342999001500348999001500363999001500378999001500393YOGYA-0209000002375320090227023813.0 ind  0010-020900000023753 a445bRus F aRUSLAN, M. Hartono aLe Francais pour tout le mondecM. Hartono Ruslan aCet. 1 aBandungbIlmuc1980 a...jilc21 cm aYang diterima : Jil. 1, 2 aBahasa Perancis - Tata bahasa aYOPDYOG(M) a02-25-2007 a4 a06A0020887 a06A0020888 a06A0020889 a06A0020890